000 00184nam a22001097a 4500
040 _cSK
082 _a303
100 _aNA
245 _aLeadership
260 _aNA
_bNA
_cNA
942 _cEK
999 _c9939
_d9939